000 00506nam a2200193 a 4500
001 1761718286951
003 YourLibrary
005 20251029114321.0
008 251029s2006##################000#0#eng##
020 _a9780415976343
082 0 4 _a610.9
_bSWE
100 1 _aSweet, Victoria,
_eauthor.
245 1 0 _aRooted in the Earth, Rooted in the Sky :
260 _c2006.
300 _a356 pages
650 0 _aBiography & Autobiography.
942 _cENGLISH
040 _aYourLibrary
_beng
_cYourLibrary
999 _c594503
_d594503